[Event "Quebec op"]
[Site "Montreal CAN"]
[Date "2004.07.24"]
[Round "9"]
[White "Bouchard, Jean-Marc"]
[Black "Yao, Sammy"]
[Result "0-1"]
[WhiteElo "1968"]
[BlackElo "1939"]
[PlyCount "48"]
[GameId "2160767911095160"]
[EventDate "2004.07.17"]
[EventType "swiss"]
[EventRounds "9"]
[EventCountry "CAN"]

1. b3 e5 2. Bb2 Nc6 3. e3 Bc5 4. Bb5 d6 5. d4 Bb4+ 6. Nd2 exd4 7. exd4 d5 8. Ngf3 Nge7 9. c3 Bd6 10. c4 O-O 11. cxd5 Nxd5 12. Bxc6 bxc6 13. O-O Ba6 14. Nc4 f6 15. Nxd6 Bxf1 16. Nb7 Qc8 17. Na5 Qa6 18. Qxf1 Qxa5 19. Qc4 Qb5 20. Rc1 Rfe8 21. a4 Qxc4 22. bxc4 Nf4 23. Rc2 Rab8 24. Kf1 Nd3 0-1

[Event "Quebec op"]
[Site "Montreal CAN"]
[Date "2004.07.24"]
[Round "9"]
[White "Caceres Cortes, Julio"]
[Black "Plante, Michel"]
[Result "1-0"]
[WhiteElo "2054"]
[BlackElo "2009"]
[PlyCount "59"]
[GameId "2160767911095161"]
[EventDate "2004.07.17"]
[EventType "swiss"]
[EventRounds "9"]
[EventCountry "CAN"]

1. e4 d6 2. d4 Nf6 3. Nc3 g6 4. Be2 Bg7 5. g4 c5 6. d5 h5 7. g5 Nfd7 8. Be3 Na6 9. Qd2 Qa5 10. f4 Nb6 11. Nf3 Bxc3 12. bxc3 Na4 13. Rb1 O-O 14. c4 Qxd2+ 15. Bxd2 b6 16. O-O Nc7 17. Bd3 Bd7 18. e5 Kg7 19. Kh1 Rfd8 20. f5 Bxf5 21. Bxf5 gxf5 22. g6 fxg6 23. Rg1 Rg8 24. Rbe1 Raf8 25. Ng5 dxe5 26. Rxe5 Kf6 27. Rge1 Re8 28. h4 Nb2 29. Bc3 Na4 30. Re6# 1-0

[Event "Quebec op"]
[Site "Montreal CAN"]
[Date "2004.07.24"]
[Round "9"]
[White "Chabot, Roland"]
[Black "Zafirov, Stephane"]
[Result "1-0"]
[WhiteElo "2278"]
[BlackElo "2010"]
[PlyCount "102"]
[GameId "2160767911095162"]
[EventDate "2004.07.17"]
[EventType "swiss"]
[EventRounds "9"]
[EventCountry "CAN"]

1. d4 Nf6 2. c4 g6 3. Nc3 Bg7 4. e4 O-O 5. Nf3 d6 6. Be2 Nc6 7. d5 Ne5 8. Nxe5 dxe5 9. O-O c6 10. Bg5 Qd6 11. a3 e6 12. dxc6 Qxc6 13. Qd3 Bd7 14. Rfd1 Rfd8 15. Rd2 h6 16. Bh4 Qc7 17. Rad1 g5 18. Bg3 Ne8 19. Qc2 Bc6 20. Rxd8 Rxd8 21. Rxd8 Qxd8 22. f3 Qa5 23. Nb1 Qc7 24. Bf2 Bf8 25. c5 Qd7 26. Qc3 Nc7 27. b3 Bb5 28. Qe1 Bxe2 29. Qxe2 Nb5 30. b4 a5 31. bxa5 Nd4 32. Qc4 Qc7 33. c6 Qxc6 34. Qxc6 Nxc6 35. Bb6 f5 36. Kf2 Kf7 37. Ke2 Ke8 38. Kd3 Kd7 39. Kc4 Bd6 40. h3 Bc7 41. Kb5 Nd4+ 42. Bxd4 exd4 43. Nd2 Bf4 44. Nb3 fxe4 45. fxe4 Be3 46. Nc5+ Kc8 47. Nd3 Kd7 48. a4 h5 49. g4 h4 50. e5 Bg1 51. Kc4 Kc6 1-0

[Event "Quebec op"]
[Site "Montreal CAN"]
[Date "2004.07.24"]
[Round "9"]
[White "Leriche, Felix"]
[Black "Robichaud, Louis"]
[Result "1-0"]
[WhiteElo "2111"]
[BlackElo "2059"]
[PlyCount "121"]
[GameId "2160767911095163"]
[EventDate "2004.07.17"]
[EventType "swiss"]
[EventRounds "9"]
[EventCountry "CAN"]

1. e4 e5 2. f4 exf4 3. Nc3 d6 4. d4 Qh4+ 5. Ke2 Bg4+ 6. Nf3 Nf6 7. Kd3 Qh5 8. Bxf4 Nc6 9. h3 O-O-O 10. Be2 Bf5 11. Ng5 Bxe4+ 12. Ngxe4 Qg6 13. d5 Ne5+ 14. Bxe5 dxe5 15. Bg4+ Kb8 16. Qf3 Nxd5 17. Nxd5 Rxd5+ 18. Ke2 h5 19. Bf5 Qa6+ 20. Ke1 g6 21. Nc3 Rd8 22. Bd3 Qe6 23. Rd1 Bb4 24. a3 Bxc3+ 25. bxc3 f5 26. Be2 e4 27. Qe3 Qe5 28. Rf1 b6 29. Rf2 Rde8 30. Rd7 Rhf8 31. Kd1 Kc8 32. Qd4 Qxd4+ 33. Rxd4 c5 34. Rd6 Rd8 35. Ba6+ Kc7 36. Rxd8 Rxd8+ 37. Rd2 h4 38. Rxd8 Kxd8 39. Ke2 Ke7 40. Ke3 Kf6 41. c4 Ke5 42. c3 Kf6 43. Kf4 g5+ 44. Ke3 Ke5 45. Bb7 Kf6 46. Kf2 Ke5 47. g3 hxg3+ 48. Kxg3 Kf6 49. h4 f4+ 50. Kg4 Ke5 51. hxg5 f3 52. Kg3 Kf5 53. g6 Kxg6 54. Bxe4+ Kf6 55. Kxf3 Ke5 56. Ke3 Kd6 57. Kf4 Kc7 58. Ke5 Kb8 59. Kd6 Kc8 60. Kc6 Kb8 61. Kb5 1-0

[Event "Quebec op"]
[Site "Montreal CAN"]
[Date "2004.07.24"]
[Round "9"]
[White "Libersan, Thierry"]
[Black "Feoktistov, Dmitri"]
[Result "0-1"]
[WhiteElo "2016"]
[BlackElo "2239"]
[PlyCount "72"]
[GameId "2160767911095164"]
[EventDate "2004.07.17"]
[EventType "swiss"]
[EventRounds "9"]
[EventCountry "CAN"]

1. d4 d5 2. c4 e6 3. Nc3 c5 4. cxd5 cxd4 5. Qxd4 Nc6 6. Qd1 exd5 7. Qxd5 Bd7 8. Nf3 Nf6 9. Qb3 Bc5 10. e3 Qe7 11. Be2 O-O-O 12. O-O Kb8 13. a3 Rhg8 14. Qc2 g5 15. b4 g4 16. Ne1 Bd6 17. Bb2 Ne5 18. g3 Bc6 19. b5 Bf3 20. Bxf3 gxf3 21. Ne4 Rc8 22. Qb1 Nfg4 23. Nxd6 Qxd6 24. Bxe5 Nxe5 25. Qf5 Qe6 26. Qxe6 fxe6 27. h3 Rc4 28. Rd1 Rh4 29. Rd6 Rxh3 30. Nxf3 Nxf3+ 31. Kg2 Ng5 32. Rxe6 Rxg3+ 33. fxg3 Nxe6 34. Rf7 Rg7 35. Rf6 Re7 36. Rf5 Kc7 0-1

[Event "Quebec op"]
[Site "Montreal CAN"]
[Date "2004.07.24"]
[Round "9"]
[White "Morin, Daniel"]
[Black "Senecal, Jean-Pierre"]
[Result "1-0"]
[WhiteElo "1407"]
[BlackElo "1385"]
[PlyCount "45"]
[GameId "2160767911095165"]
[EventDate "2004.07.17"]
[EventType "swiss"]
[EventRounds "9"]
[EventCountry "CAN"]
[SourceTitle "EXT 2009"]
[Source "ChessBase"]
[SourceDate "2008.11.26"]
[SourceVersion "1"]
[SourceVersionDate "2008.11.26"]
[SourceQuality "1"]

1. e4 e5 2. Nf3 d6 3. d4 exd4 4. Nxd4 Nf6 5. Bd3 c5 6. Bb5+ Bd7 7. Bxd7+ Qxd7 8. Nf3 Be7 9. Nc3 O-O 10. O-O h6 11. Re1 Nc6 12. e5 Ne8 13. Bf4 Rd8 14. exd6 Qf5 15. Bg3 Bxd6 16. Bxd6 Rxd6 17. Qe2 Nd4 18. Nxd4 cxd4 19. Qb5 Qxc2 20. Rxe8 dxc3 21. Rxf8+ Kxf8 22. Re1 Rd1 23. Qe8# 1-0

[Event "Quebec op"]
[Site "Montreal CAN"]
[Date "2004.07.24"]
[Round "9"]
[White "Pilotte, Benoit"]
[Black "Gilbert, Erick"]
[Result "1/2-1/2"]
[WhiteElo "1793"]
[BlackElo "1939"]
[PlyCount "84"]
[GameId "2160767911095166"]
[EventDate "2004.07.17"]
[EventType "swiss"]
[EventRounds "9"]
[EventCountry "CAN"]
[SourceTitle "EXT 2009"]
[Source "ChessBase"]
[SourceDate "2008.11.26"]
[SourceVersion "1"]
[SourceVersionDate "2008.11.26"]
[SourceQuality "1"]

1. d4 d5 2. e4 dxe4 3. Nc3 e6 4. Nxe4 Nf6 5. Bd3 Be7 6. Nf3 Nbd7 7. Bf4 b6 8. Qe2 Bb7 9. Neg5 Bxf3 10. Qxf3 O-O 11. O-O-O g6 12. h4 Bd6 13. g4 Nd5 14. Bxd6 cxd6 15. Ne4 Nb4 16. h5 d5 17. hxg6 Nxd3+ 18. Rxd3 fxg6 19. Qh3 Rf7 20. Nc3 Qf6 21. Qe3 Qf4 22. f3 Raf8 23. Rf1 Qxe3+ 24. Rxe3 e5 25. Nxd5 exd4 26. Re7 Rxe7 27. Nxe7+ Kg7 28. Nc6 d3 29. Nxa7 Ra8 30. Nb5 Rxa2 31. Kb1 Ra5 32. c4 Ne5 33. b3 Ra8 34. Nc7 Rc8 35. Nd5 b5 36. Ne7 Rc5 37. cxb5 Rxb5 38. Kb2 Kf7 39. Nc8 Rd5 40. Nb6 Rd6 41. Nc4 Nxc4+ 42. bxc4 d2 1/2-1/2

[Event "Quebec op"]
[Site "Montreal CAN"]
[Date "2004.07.25"]
[Round "9"]
[White "Anastasovski, Nikola"]
[Black "Masse, Hugues"]
[Result "1-0"]
[WhiteElo "2225"]
[BlackElo "2143"]
[PlyCount "51"]
[GameId "2160767911095167"]
[EventDate "2004.07.17"]
[EventType "swiss"]
[EventRounds "9"]
[EventCountry "CAN"]
[SourceTitle "CBM 101 Extra"]
[Source "ChessBase"]
[SourceDate "2004.09.01"]
[SourceVersion "2"]
[SourceVersionDate "2004.09.01"]
[SourceQuality "1"]

1. e4 e5 2. Nf3 Nc6 3. Bc4 Bc5 4. Nc3 Nf6 5. d3 d6 6. h3 Na5 7. Bb3 c6 8. Be3 Nxb3 9. axb3 Bb6 10. Bxb6 Qxb6 11. O-O O-O 12. Nh4 d5 13. Nf5 Qc7 14. Qf3 dxe4 15. dxe4 g6 16. Qe3 b6 17. Qh6 Ne8 18. Ng3 Ng7 19. f4 exf4 20. Rxf4 Ne6 21. Rh4 f6 22. Rf1 Ng5 23. e5 Be6 24. Rxf6 Rxf6 25. exf6 Qxg3 26. Qg7# 1-0

[Event "Quebec op"]
[Site "Montreal CAN"]
[Date "2004.07.25"]
[Round "9"]
[White "Bachand-Fleurent, Julien"]
[Black "St Amand, Paul Jr"]
[Result "1/2-1/2"]
[WhiteElo "2075"]
[BlackElo "2125"]
[PlyCount "32"]
[GameId "2160767911095168"]
[EventDate "2004.07.17"]
[EventType "swiss"]
[EventRounds "9"]
[EventCountry "CAN"]
[SourceTitle "CBM 101 Extra"]
[Source "ChessBase"]
[SourceDate "2004.09.01"]
[SourceVersion "2"]
[SourceVersionDate "2004.09.01"]
[SourceQuality "1"]

1. e4 c5 2. Nc3 Nc6 3. g3 g6 4. Bg2 Bg7 5. d3 d6 6. Be3 Rb8 7. Qd2 b5 8. Nge2 b4 9. Nd1 Nd4 10. O-O e6 11. Nc1 Qa5 12. a3 Qa4 13. Bxd4 cxd4 14. Nb3 a6 15. f4 Ne7 16. Nf2 O-O 1/2-1/2

[Event "Quebec op"]
[Site "Montreal CAN"]
[Date "2004.07.25"]
[Round "9"]
[White "Barbeau, Sylvain"]
[Black "Burnett, Ronald"]
[Result "1/2-1/2"]
[WhiteElo "2404"]
[BlackElo "2439"]
[PlyCount "140"]
[GameId "2160767911095169"]
[EventDate "2004.07.17"]
[EventType "swiss"]
[EventRounds "9"]
[EventCountry "CAN"]
[SourceTitle "CBM 101 Extra"]
[Source "ChessBase"]
[SourceDate "2004.09.01"]
[SourceVersion "2"]
[SourceVersionDate "2004.09.01"]
[SourceQuality "1"]

1. f4 Nf6 2. Nf3 g6 3. g3 Bg7 4. Bg2 O-O 5. O-O d6 6. d3 e5 7. e4 exf4 8. gxf4 c5 9. c4 Nc6 10. Nc3 Rb8 11. Bd2 a6 12. Be1 Ng4 13. Qd2 Nd4 14. h3 Nxf3+ 15. Rxf3 Nh6 16. a4 f5 17. Bf2 Be6 18. Re1 Qd7 19. b3 b6 20. Kh1 Kh8 21. Re2 Rbe8 22. Qe1 Bd4 23. Be3 Qg7 24. Bd2 fxe4 25. dxe4 Ng8 26. Qc1 Bd7 27. Nd5 Bc6 28. Qc2 Nf6 29. Qd3 Rf7 30. Rf1 Bxd5 31. cxd5 Nh5 32. Rf3 g5 33. fxg5 Qe5 34. Rxf7 Ng3+ 35. Qxg3 Qxg3 36. Rf3 Qe5 37. Bf4 Qe7 38. h4 b5 39. axb5 axb5 40. Bh3 c4 41. bxc4 bxc4 42. Bf5 c3 43. Rc2 Qb7 44. Rfxc3 Bxc3 45. Rxc3 Qb2 46. Rg3 Ra8 47. Rg2 Ra1+ 48. Kh2 Qb1 49. Bxd6 Qh1+ 50. Kg3 Rb1 51. Be5+ Kg8 52. Be6+ Kf8 53. d6 Rd1 54. Bc4 Ke8 55. Be2 Qe1+ 56. Kg4 Rb1 57. Bf3 Rb3 58. Rg3 Kd7 59. h5 Rb4 60. Bf4 Qb1 61. Kh4 Rxe4 62. Bxe4 Qxe4 63. Kg4 Qe2+ 64. Kh4 Qe1 65. g6 Qf2 66. Kg5 h6+ 67. Kg4 Qe2+ 68. Kh4 Qh2+ 69. Kg4 Qe2+ 70. Kh4 Qh2+ 1/2-1/2

[Event "Quebec op"]
[Site "Montreal CAN"]
[Date "2004.07.25"]
[Round "9"]
[White "Castaneda, Nelson"]
[Black "Milicevic, Goran"]
[Result "1-0"]
[WhiteElo "2288"]
[BlackElo "2271"]
[PlyCount "75"]
[GameId "2160767911095170"]
[EventDate "2004.07.17"]
[EventType "swiss"]
[EventRounds "9"]
[EventCountry "CAN"]
[SourceTitle "CBM 101 Extra"]
[Source "ChessBase"]
[SourceDate "2004.09.01"]
[SourceVersion "2"]
[SourceVersionDate "2004.09.01"]
[SourceQuality "1"]

1. d4 e6 2. Nf3 Nf6 3. Bg5 c5 4. Nbd2 cxd4 5. Nxd4 Nc6 6. Nxc6 bxc6 7. e4 Qa5 8. Bxf6 gxf6 9. Bd3 Rb8 10. O-O Rg8 11. Qe2 Bh6 12. Nc4 Qc7 13. Qh5 Bg7 14. Rae1 Rb5 15. Qh4 Kf8 16. b3 d5 17. Nd2 Rb6 18. f4 Qd6 19. Kh1 Qb4 20. Nf3 Bd7 21. Re2 h6 22. h3 Rb8 23. c4 d4 24. Nxd4 Qc3 25. Rd1 Qxd4 26. Bc2 Qb2 27. Rxd7 Ke8 28. Red2 Bf8 29. e5 Qc1+ 30. Kh2 Bc5 31. Bd1 Rg6 32. f5 exf5 33. exf6 Be3 34. Re7+ Kf8 35. Rdd7 Bf4+ 36. Kh1 Kg8 37. Rxf7 Bg5 38. Qh5 1-0

[Event "Quebec op"]
[Site "Montreal CAN"]
[Date "2004.07.25"]
[Round "9"]
[White "Garcia, Gildardo"]
[Black "Bolduc, Steve"]
[Result "1-0"]
[WhiteElo "2461"]
[BlackElo "2255"]
[PlyCount "95"]
[GameId "2160767911095171"]
[EventDate "2004.07.17"]
[EventType "swiss"]
[EventRounds "9"]
[EventCountry "CAN"]
[SourceTitle "CBM 101 Extra"]
[Source "ChessBase"]
[SourceDate "2004.09.01"]
[SourceVersion "2"]
[SourceVersionDate "2004.09.01"]
[SourceQuality "1"]

1. e4 c5 2. Nf3 Nc6 3. Bb5 g6 4. Bxc6 dxc6 5. d3 Bg7 6. Nc3 e5 7. Be3 Qe7 8. Qd2 Bg4 9. Ng1 Nf6 10. h3 Be6 11. Nf3 Nd7 12. Ng5 Nf8 13. O-O f6 14. Nxe6 Nxe6 15. Ne2 O-O 16. f4 exf4 17. Nxf4 Nxf4 18. Rxf4 Bh6 19. Rf3 Bxe3+ 20. Qxe3 f5 21. Raf1 fxe4 22. Rxf8+ Rxf8 23. Rxf8+ Kxf8 24. dxe4 Qe5 25. c3 Kg7 26. Kf2 Kf6 27. Kf3 Qh5+ 28. Kg3 Qe5+ 29. Qf4+ Ke6 30. Kf3 Qh5+ 31. Qg4+ Qxg4+ 32. Kxg4 h6 33. Kf4 c4 34. h4 b5 35. e5 c5 36. a3 a6 37. g3 a5 38. a4 b4 39. h5 gxh5 40. Ke4 b3 41. Kf4 Ke7 42. Kf5 Kf7 43. e6+ Ke8 44. Ke5 Ke7 45. Kd5 h4 46. gxh4 h5 47. Ke5 Ke8 48. Kd6 1-0

[Event "Quebec op"]
[Site "Montreal CAN"]
[Date "2004.07.25"]
[Round "9"]
[White "Lapshun, Yury"]
[Black "Laframboise, Marc-Andre"]
[Result "1-0"]
[WhiteElo "2444"]
[BlackElo "2094"]
[PlyCount "101"]
[GameId "2160767911095175"]
[EventDate "2004.07.17"]
[EventType "swiss"]
[EventRounds "9"]
[EventCountry "CAN"]
[SourceTitle "CBM 101 Extra"]
[Source "ChessBase"]
[SourceDate "2004.09.01"]
[SourceVersion "2"]
[SourceVersionDate "2004.09.01"]
[SourceQuality "1"]

1. b4 e5 2. Bb2 f6 3. e4 c6 4. f4 exf4 5. Bc4 Qe7 6. Qe2 d6 7. Nf3 Nd7 8. Nc3 Ne5 9. Bb3 Nh6 10. O-O-O Be6 11. d4 Nxf3 12. gxf3 Bxb3 13. axb3 a6 14. h4 Nf7 15. Qf2 g5 16. d5 Ne5 17. Ne2 h5 18. Nd4 cxd5 19. Nf5 Qc7 20. Rxd5 Rc8 21. hxg5 fxg5 22. Rhd1 Rh7 23. c4 g4 24. Qd2 gxf3 25. Rxd6 Nxc4 26. bxc4 Qxc4+ 27. Kb1 Qxe4+ 28. Ka1 Qxf5 29. Rd5 Qc2 30. Rd8+ Rxd8 31. Qxc2 Rxd1+ 32. Qxd1 Bg7 33. Qxf3 Bxb2+ 34. Kxb2 Rf7 35. Kc3 h4 36. Kd4 Kf8 37. Ke5 Re7+ 38. Kd6 Rf7 39. Qh5 Kg7 40. Qg5+ Kf8 41. Ke6 h3 42. Qh6+ Kg8 43. Qxh3 f3 44. Qh5 Rg7 45. Qxf3 Kh7 46. Qh5+ Kg8 47. Qe8+ Kh7 48. Kf6 b6 49. Qe4+ Kg8 50. Qa8+ Kh7 51. Qxa6 1-0

[Event "Quebec op"]
[Site "Montreal CAN"]
[Date "2004.07.25"]
[Round "9"]
[White "Lawson, Eric"]
[Black "Patterson, Roger"]
[Result "1/2-1/2"]
[WhiteElo "2276"]
[BlackElo "2187"]
[PlyCount "92"]
[GameId "2160767911095176"]
[EventDate "2004.07.17"]
[EventType "swiss"]
[EventRounds "9"]
[EventCountry "CAN"]
[SourceTitle "CBM 101 Extra"]
[Source "ChessBase"]
[SourceDate "2004.09.01"]
[SourceVersion "2"]
[SourceVersionDate "2004.09.01"]
[SourceQuality "1"]

1. e4 e5 2. Nc3 Nf6 3. g3 Be7 4. Bg2 O-O 5. d3 c6 6. f4 exf4 7. e5 Ne8 8. gxf4 f6 9. Qh5 fxe5 10. fxe5 g6 11. Qh6 Bh4+ 12. Kd1 d6 13. h3 Ng7 14. Nf3 Nf5 15. Qd2 dxe5 16. Nxh4 Qxh4 17. Qg5 Be6 18. Re1 Nd7 19. Re4 Qxg5 20. Bxg5 h6 21. Bd2 Kg7 22. b4 g5 23. Be1 Rae8 24. a4 Nd6 25. Re3 g4 26. hxg4 Bxg4+ 27. Kd2 Nf5 28. Re4 Nf6 29. Rc4 Nd6 30. Rc5 Nd7 31. Ra5 Ra8 32. Bg3 Nf7 33. Rg1 b6 34. Bxc6 bxa5 35. Bxd7 h5 36. Bc6 axb4 37. Nd5 Rac8 38. Bb5 Ng5 39. Kc1 Nf3 40. Rh1 a5 41. Nb6 Kg6 42. Nxc8 Rxc8 43. Bf2 Nd4 44. Bc4 Rf8 45. Be1 Rf3 46. Bd5 Rf8 1/2-1/2

[Event "Quebec op"]
[Site "Montreal CAN"]
[Date "2004.07.25"]
[Round "9"]
[White "Mikanovic, Goran"]
[Black "Gravel, Simon M"]
[Result "1-0"]
[WhiteElo "2278"]
[BlackElo "2256"]
[PlyCount "150"]
[GameId "2160767911095177"]
[EventDate "2004.07.17"]
[EventType "swiss"]
[EventRounds "9"]
[EventCountry "CAN"]
[SourceTitle "CBM 101 Extra"]
[Source "ChessBase"]
[SourceDate "2004.09.01"]
[SourceVersion "2"]
[SourceVersionDate "2004.09.01"]
[SourceQuality "1"]

1. d4 d5 2. c4 e6 3. Nf3 Nf6 4. Nc3 Be7 5. Bg5 h6 6. Bh4 O-O 7. e3 b6 8. Rc1 Bb7 9. Bxf6 Bxf6 10. cxd5 exd5 11. b4 c6 12. Bd3 Be7 13. Qb3 Qd6 14. Rb1 Nd7 15. O-O a5 16. b5 c5 17. Bf5 Rfe8 18. Rfd1 c4 19. Qc2 g6 20. Bh3 f5 21. g3 Rad8 22. Bg2 Qe6 23. Qc1 Kg7 24. a3 Bd6 25. Qb2 Nf6 26. Ra1 Ba8 27. Na4 Rb8 28. Nc3 Rbd8 29. Ne2 g5 30. Ra2 Ne4 31. Nc3 Nf6 32. Qb1 Ne4 33. Qc1 Rf8 34. Qa1 Rfe8 35. Na4 Rb8 36. Nc3 Rbd8 37. Rc2 Nf6 38. Re2 Qe7 39. Ra2 Qe6 40. Rc1 Ne4 41. Rd1 Nf6 42. a4 Bb7 43. Ne2 Ne4 44. Rc2 Nf6 45. Ne5 Bxe5 46. dxe5 Qxe5 47. Qxe5 Rxe5 48. Rxc4 dxc4 49. Rxd8 Bxg2 50. Kxg2 Rc5 51. Rd6 Nd5 52. Kf1 c3 53. Ke1 c2 54. Kd2 Nf6 55. Kc1 Ne4 56. Rxb6 Nxf2 57. Rd6 Ne4 58. Rc6 Kf7 59. Rxc5 Nxc5 60. Nc3 Ke6 61. Kxc2 Kd6 62. Kd2 Ke5 63. Ke2 g4 64. Kd2 h5 65. Ke2 Kd6 66. e4 fxe4 67. Ke3 Ke5 68. b6 Nb7 69. Nxe4 Kd5 70. Nf6+ Kc6 71. Nxh5 Nc5 72. Nf6 Nxa4 73. Nxg4 Nxb6 74. h4 Kd5 75. Kd3 Ke6 1-0

[Event "Quebec op"]
[Site "Montreal CAN"]
[Date "2004.07.25"]
[Round "9"]
[White "Moskvitch, Andrei"]
[Black "Laurain, Guy"]
[Result "1/2-1/2"]
[WhiteElo "2179"]
[BlackElo "2200"]
[PlyCount "46"]
[GameId "2160767911095178"]
[EventDate "2004.07.17"]
[EventType "swiss"]
[EventRounds "9"]
[EventCountry "CAN"]
[SourceTitle "CBM 101 Extra"]
[Source "ChessBase"]
[SourceDate "2004.09.01"]
[SourceVersion "2"]
[SourceVersionDate "2004.09.01"]
[SourceQuality "1"]

1. e4 c5 2. Nf3 Nc6 3. d4 cxd4 4. Nxd4 Nf6 5. Nc3 d6 6. Be3 e5 7. Nb3 Be6 8. Be2 Be7 9. O-O O-O 10. Kh1 Rc8 11. f4 exf4 12. Bxf4 Ne5 13. Nd4 Nc4 14. Nxe6 fxe6 15. Bxc4 Rxc4 16. Qe2 Qc8 17. Rad1 Rc6 18. e5 dxe5 19. Bxe5 a6 20. h3 b5 21. a3 Nd7 22. Rxf8+ Nxf8 23. Qh5 Ng6 1/2-1/2

[Event "Quebec op U1700"]
[Site "Montreal CAN"]
[Date "2004.07.17"]
[Round "1"]
[White "Grenier, Jean-Pierre"]
[Black "Saint-Laurent, Luc"]
[Result "0-1"]
[WhiteElo "1559"]
[BlackElo "1429"]
[PlyCount "162"]
[GameId "2160767911095180"]
[EventDate "2004.07.17"]
[EventType "swiss"]
[EventRounds "9"]
[EventCountry "CAN"]

1. d4 d5 2. Nf3 Nf6 3. e3 c6 4. Bd3 Bg4 5. Nbd2 e6 6. O-O Be7 7. h3 Bxf3 8. Qxf3 O-O 9. Re1 Nbd7 10. e4 dxe4 11. Nxe4 Nxe4 12. Rxe4 Nf6 13. Rh4 Qd5 14. Qg3 Nh5 15. Bxh7+ Kxh7 16. Qd3+ g6 17. c4 Qf5 18. Re4 Nf6 19. Rh4+ Nh5 20. Re4 Ng7 21. Qe3 Qh5 22. g4 Qh4 23. Bd2 f5 24. gxf5 Qh5 25. fxg6+ Qxg6+ 26. Rg4 Qf6 27. Kg2 Nf5 28. Qe4 Rg8 29. Rh1 Rg6 30. Kf1 Rf8 31. h4 Rxg4 32. Qxg4 Qg6 33. Qxg6+ Kxg6 34. h5+ Kh7 35. Rh3 Nxd4 36. Re3 c5 37. a3 Bg5 38. Rd3 Bxd2 39. Rxd2 Rf3 40. b4 b6 41. bxc5 bxc5 42. Rb2 Rxa3 43. Rb7+ Kh6 44. Rc7 Ra5 45. Ke1 Kxh5 46. Kd2 Kg6 47. Kd3 Kf6 48. Ke4 Nb3 49. Rb7 Ra3 50. Rd7 a5 51. Kd3 Nd4+ 52. Kd2 Ra2+ 53. Ke3 a4 54. Rc7 Nb3 55. Ra7 Ra1 56. Kd3 a3 57. Kc3 Nd4 58. Ra8 a2 59. Kb2 Rf1 60. Kxa2 Rxf2+ 61. Kb1 Rc2 62. Ra4 e5 63. Ra8 Rxc4 64. Kb2 Kf5 65. Rf8+ Ke4 66. Re8 Kf4 67. Rf8+ Nf5 68. Kb3 Rd4 69. Kc3 e4 70. Rc8 c4 71. Rc5 Rd1 72. Kc2 Ne3+ 73. Kb2 Rd3 74. Rc8 c3+ 75. Kb1 Rd1+ 76. Ka2 c2 77. Kb2 c1=Q+ 78. Rxc1 Rxc1 79. Kxc1 Kf3 80. Kd2 Kf2 81. Kc3 Ng4 0-1

[Event "Quebec op U1700"]
[Site "Montreal CAN"]
[Date "2004.07.18"]
[Round "2"]
[White "Charest, Christian"]
[Black "Grenier, Jean-Pierre"]
[Result "0-1"]
[WhiteElo "1425"]
[BlackElo "1559"]
[PlyCount "76"]
[GameId "2160767911095181"]
[EventDate "2004.07.17"]
[EventType "swiss"]
[EventRounds "9"]
[EventCountry "CAN"]

1. e4 c5 2. Nf3 Nc6 3. d4 cxd4 4. Nxd4 d6 5. Nc3 Nf6 6. Be2 e5 7. Nxc6 bxc6 8. O-O Be7 9. h3 Be6 10. Bd3 O-O 11. Qf3 Rb8 12. Ne2 d5 13. Ng3 Qd7 14. b3 c5 15. exd5 Bxd5 16. Qe2 Qc6 17. f3 Bd6 18. c4 Be6 19. Bb2 Rfe8 20. Rad1 a5 21. Ne4 Nxe4 22. Bxe4 Qc7 23. Bc2 a4 24. Rd3 Bf5 25. Re3 Bxc2 26. Qxc2 axb3 27. axb3 f6 28. Rb1 Rb6 29. Kh1 Rd8 30. Bc3 Ra6 31. b4 cxb4 32. Bxb4 Bxb4 33. Rxb4 Ra1+ 34. Kh2 e4+ 35. g3 Qc5 36. Rbb3 exf3 37. Rbc3 Rad1 38. Re8+ Kf7 0-1

[Event "Quebec op U1700"]
[Site "Montreal CAN"]
[Date "2004.07.18"]
[Round "3"]
[White "Grenier, Jean-Pierre"]
[Black "Liboiron, Alain"]
[Result "0-1"]
[WhiteElo "1559"]
[BlackElo "1436"]
[PlyCount "158"]
[GameId "2160767911095182"]
[EventDate "2004.07.17"]
[EventType "swiss"]
[EventRounds "9"]
[EventCountry "CAN"]

1. d4 f5 2. Nf3 Nf6 3. e3 e6 4. Bd3 d5 5. c4 c6 6. c5 Be7 7. b4 a6 8. Nc3 O-O 9. Qc2 Qe8 10. Ne2 Nbd7 11. a4 Ne4 12. Nf4 Bd8 13. Bxe4 fxe4 14. Ne5 Nxe5 15. dxe5 Bc7 16. Bb2 Bd7 17. O-O g5 18. Ne2 Qg6 19. Bd4 Rf7 20. f4 Raf8 21. Rf2 h5 22. Kh1 h4 23. Rg1 g4 24. g3 Qh5 25. gxh4 Qxh4 26. Rfg2 Rg7 27. Ng3 Kf7 28. Qe2 Rfg8 29. Bc3 Bd8 30. Be1 Qh3 31. Qd2 Rg6 32. Nxe4 Qh7 33. Nd6+ Kf8 34. Nxb7 Bh4 35. Bxh4 Qxh4 36. Nd6 g3 37. Rxg3 Rxg3 38. Rxg3 Rxg3 39. Qf2 Rh3 40. Qxh4 Rxh4 41. Kg2 Be8 42. Kg3 Rh7 43. h3 Rg7+ 44. Kf2 Bh5 45. b5 axb5 46. axb5 cxb5 47. Nxb5 Be8 48. Nd4 Bd7 49. Kf3 Ke8 50. e4 dxe4+ 51. Kxe4 Rh7 52. c6 Bc8 53. Nb5 Kd8 54. Kf3 Rxh3+ 55. Kg4 Rb3 56. Nd6 Rc3 57. c7+ Rxc7 58. Kg5 Ke7 59. Ne4 Rc1 60. Nf6 Rg1+ 61. Kh6 Kf7 62. Kh5 Kg7 63. Ne8+ Kf8 64. Nf6 Kf7 65. Kh6 Rg6+ 66. Kh5 Rxf6 67. exf6 Kxf6 68. Kg4 e5+ 69. Kf3 Bb7+ 70. Ke3 e4 71. Kf2 Kf5 72. Ke3 Kg4 73. f5 Kxf5 74. Kf2 Kf4 75. Kf1 Kf3 76. Ke1 e3 77. Kf1 Ba6+ 78. Kg1 e2 79. Kh2 e1=Q 0-1

[Event "Quebec op U1700"]
[Site "Montreal CAN"]
[Date "2004.07.22"]
[Round "7"]
[White "Benoit, Sebastien"]
[Black "Grenier, Jean-Pierre"]
[Result "1-0"]
[WhiteElo "1682"]
[BlackElo "1559"]
[PlyCount "75"]
[GameId "2160767911095183"]
[EventDate "2004.07.17"]
[EventType "swiss"]
[EventRounds "9"]
[EventCountry "CAN"]

1. d4 d5 2. c4 e6 3. Nf3 Nc6 4. e3 Nf6 5. a3 a5 6. Nc3 b6 7. b3 Bd6 8. Bd3 O-O 9. O-O Re8 10. Re1 e5 11. dxe5 Nxe5 12. cxd5 Bg4 13. Be2 Qe7 14. Bb2 Rad8 15. Nxe5 Bxe2 16. Qxe2 Qxe5 17. g3 Nxd5 18. Nxd5 Qxd5 19. Qg4 g6 20. Rad1 Qxb3 21. Qd4 Be5 22. Qxd8 Rxd8 23. Rxd8+ Kg7 24. Bxe5+ Kh6 25. g4 Qe6 26. Bxc7 Qxg4+ 27. Bg3 Kg7 28. Rb8 Qa4 29. Rxb6 Qxa3 30. Ra6 Qa4 31. Be5+ Kh6 32. Ra1 Qg4+ 33. Bg3 f5 34. R6xa5 Qf3 35. h3 g5 36. Ra6+ Kg7 37. Ra7+ Kg6 38. R1a6+ 1-0

[Event "Quebec op U1700"]
[Site "Montreal CAN"]
[Date "2004.07.23"]
[Round "8"]
[White "Grenier, Jean-Pierre"]
[Black "Vassileva, Svetla"]
[Result "1-0"]
[WhiteElo "1559"]
[BlackElo "1401"]
[PlyCount "85"]
[GameId "2160767911095184"]
[EventDate "2004.07.17"]
[EventType "swiss"]
[EventRounds "9"]
[EventCountry "CAN"]

1. e4 e5 2. Nf3 Nc6 3. Nc3 Nf6 4. d4 exd4 5. Nxd4 Be7 6. Bc4 O-O 7. a3 Bc5 8. Be3 Qe7 9. Nf5 Qe5 10. f4 Qe8 11. Bxc5 d6 12. Nxg7 Kxg7 13. Bd4 Nxd4 14. Qxd4 Be6 15. O-O-O Bxc4 16. Qxc4 Qe7 17. g4 Rad8 18. g5 Ng4 19. h3 Nf2 20. Qd4+ f6 21. Rhg1 Kf7 22. Qxf2 Ke8 23. Nd5 Qf7 24. Nxf6+ Ke7 25. Nd5+ Kd7 26. e5 c6 27. Nf6+ Kc7 28. Qxa7 Qe6 29. exd6+ Rxd6 30. Rxd6 Qxd6 31. Qa5+ b6 32. Qa7+ Kc8 33. Rd1 Qxf4+ 34. Kb1 Qc7 35. Qa8+ Qb8 36. Qxc6+ Qc7 37. Qe6+ Kb8 38. Nd7+ Ka8 39. Nxb6+ Kb8 40. Nd7+ Ka8 41. Nxf8 Qb8 42. Qa6+ Qa7 43. Rd8# 1-0